LAW RELATING TO SOCIO ECONOMIC OFFENCES (Record no. 34352)

MARC details
000 -LEADER
fixed length control field 00334nam a22001457a 4500
003 - CONTROL NUMBER IDENTIFIER
control field SGT
020 ## - INTERNATIONAL STANDARD BOOK NUMBER
International Standard Book Number 9788119415281
082 ## - DEWEY DECIMAL CLASSIFICATION NUMBER
Classification number 344
Item number KHA
100 ## - MAIN ENTRY--PERSONAL NAME
Personal name KHAN NUZHAT PARVEEN
245 ## - TITLE STATEMENT
Title LAW RELATING TO SOCIO ECONOMIC OFFENCES
250 ## - EDITION STATEMENT
Edition statement 2
260 ## - PUBLICATION, DISTRIBUTION, ETC. (IMPRINT)
Place of publication, distribution, etc PRAYAGRAJ
Name of publisher, distributor, etc CENTRAL LAW AGENCY
Year of Publication 2025
300 ## - PAGE DESCRIPTION
No. of Pages 737
942 ## - ADDED ENTRY ELEMENTS (KOHA)
Source of classification or shelving scheme Dewey Decimal Classification
Koha item type Books
Holdings
Withdrawn status Lost status Source of classification or shelving scheme Damaged status Not for loan Collection code Home library Current library Shelving location Date acquired Vendor Name Cost, normal purchase price SGTU Bill Number Full call number Accession No. (Barcode) Date last seen Bill Date Koha item type Total Checkouts
    Dewey Decimal Classification   Not For Loan LAW SGT Science & Social Sciences Library SGT Science & Social Sciences Library Reference Book 17/03/2026 ZAFFA BOOKS 690.00 SGTU ZBD0463 344 KHA FL4144 17/03/2026 03/03/2026 Books  
    Dewey Decimal Classification     LAW SGT Science & Social Sciences Library SGT Science & Social Sciences Library Text Book 17/03/2026 ZAFFA BOOKS 690.00 SGTU ZBD0463 344 KHA FL4145 17/03/2026 03/03/2026 Books  
    Dewey Decimal Classification     LAW SGT Science & Social Sciences Library SGT Science & Social Sciences Library Text Book 17/03/2026 ZAFFA BOOKS 690.00 SGTU ZBD0463 344 KHA FL4146 17/03/2026 03/03/2026 Books